000 00446nam a2200169Ia 4500
003 OSt
005 20260306143553.0
008 211028s2009 xx 000 0 und d
040 _cAIMIT LIBRARY
041 _aeng
100 _aMuthiah, Poongkodi; Uchil, Pavithra.
_g60471437
_93018
110 _aSanthosh Rebello.
_93019
245 _aTimesheet management system /
260 _aSuratkal
_c2009
710 _aBackend
_93020
942 _2ddc
_cPRO
999 _c217091
_d217091